000 00427nam a2200169Ia 4500
005 20250423100330.0
008 250422s9999 xx 000 0 und d
020 _a9789785237559
050 _aJX 1952. N6 .N54/
245 0 _aNigeria in global peace: support operations
260 _aKaduna
260 _bPyla - Mak Services LTD.
260 _c2013
300 _a268 p
650 _aGlobal peace - Nigeria
942 _cBK
999 _c32983
_d32983